000214062 001__ 214062
000214062 005__ 20230317124207.0
000214062 037__ $$aGSI-2018-01033
000214062 041__ $$aEnglish
000214062 1001_ $$0P:(DE-HGF)0$$aAudouin, L..$$b0
000214062 1112_ $$a42nd International Winter Meeting on Nuclear Physics$$cBormio$$d2004-01-26 - 2004-01-31$$wItaly
000214062 245__ $$aIsotopic distributions of spallation residues and energy dependencies-Results from the $^{208}$Pb + p at 500 AMeV experiment
000214062 260__ $$c2004
000214062 300__ $$a303-331
000214062 3367_ $$2ORCID$$aCONFERENCE_PAPER
000214062 3367_ $$033$$2EndNote$$aConference Paper
000214062 3367_ $$2BibTeX$$aINPROCEEDINGS
000214062 3367_ $$2DRIVER$$aconferenceObject
000214062 3367_ $$2DataCite$$aOutput Types/Conference Paper
000214062 3367_ $$0PUB:(DE-HGF)8$$2PUB:(DE-HGF)$$aContribution to a conference proceedings$$bcontrib$$mcontrib$$s1538400924_6381
000214062 536__ $$0G:(DE-HGF)POF3-899$$a899 - ohne Topic (POF3-899)$$cPOF3-899$$fPOF III$$x0
000214062 7001_ $$aTassan-Got, L.$$b1
000214062 7001_ $$0P:(DE-Ds200)OR0036$$aArmbruster, P.$$b2$$ugsi
000214062 7001_ $$aBenlliure, J.$$b3
000214062 7001_ $$aBernas, M.$$b4
000214062 7001_ $$aBoudard, A.$$b5
000214062 7001_ $$aCzajkowski, S.$$b6
000214062 7001_ $$aEnqvist, T.$$b7
000214062 7001_ $$aFernandez, B.$$b8
000214062 7001_ $$aLeray, S.$$b9
000214062 7001_ $$aRejmund, F.$$b10
000214062 7001_ $$0P:(DE-Ds200)OR1025$$aRicciardi, M. V.$$b11$$ugsi
000214062 7001_ $$0P:(DE-Ds200)OR1125$$aSchmidt, K. H.$$b12$$ugsi
000214062 7001_ $$aStephan, C.$$b13
000214062 7001_ $$aTaieb, J.$$b14
000214062 7001_ $$aVolant, C.$$b15
000214062 7001_ $$aWlazlo, W.$$b16
000214062 909CO $$ooai:repository.gsi.de:214062$$pVDB
000214062 9101_ $$0I:(DE-Ds200)20121206GSI$$6P:(DE-Ds200)OR0036$$aGSI Helmholtzzentrum für Schwerionenforschung GmbH$$b2$$kGSI
000214062 9101_ $$0I:(DE-Ds200)20121206GSI$$6P:(DE-Ds200)OR1025$$aGSI Helmholtzzentrum für Schwerionenforschung GmbH$$b11$$kGSI
000214062 9101_ $$0I:(DE-Ds200)20121206GSI$$6P:(DE-Ds200)OR1125$$aGSI Helmholtzzentrum für Schwerionenforschung GmbH$$b12$$kGSI
000214062 9131_ $$0G:(DE-HGF)POF3-899$$1G:(DE-HGF)POF3-890$$2G:(DE-HGF)POF3-800$$3G:(DE-HGF)POF3$$4G:(DE-HGF)POF$$aDE-HGF$$bProgrammungebundene Forschung$$lohne Programm$$vohne Topic$$x0
000214062 920__ $$lyes
000214062 9201_ $$0I:(DE-Ds200)KRA-20150901OR349$$kKRA$$lKernreaktionen$$x0
000214062 9201_ $$0I:(DE-Ds200)BUD-20051214OR030$$kBUD$$lBibliothek & Dokumentation$$x1
000214062 980__ $$acontrib
000214062 980__ $$aVDB
000214062 980__ $$aI:(DE-Ds200)20110831OR108
000214062 980__ $$aI:(DE-Ds200)KRA-20150901OR349
000214062 980__ $$aI:(DE-Ds200)20120319OR030
000214062 980__ $$aI:(DE-Ds200)BUD-20051214OR030
000214062 980__ $$aUNRESTRICTED